1477 1277 1493 1079 1616 1596 1406 1089 1216 1527 1587 1301 1894 1717 1781 1595 1397 1863 1259 1510 1574 1156 1822 1177 1337 1978 1851 1683 1277 1557 1828 1316 1023 1114 1120 1158 1730 1675 1560 1589 1556 1822 1845 1150 1905 1180 1859 1956 1675 1166 1694 1490 1639 1976 1016 1097 1131 1978 1423 1099 1836 1058 1777 1577 1084 1247 1067 1203 1903 1906 1744 1491 1921 1852 1597 1672 1230 1127 1746 1458 1447 1609 1442 1221 1991 1263 1129 1609 1223 1394 1411 1252 1797 1648 1084 1373 1811 1046 1794 BCNSPRNW ULIB Ver.6.0+V

เปลี่ยนเป็นภาษาไทย

Change to English
 แสดงรายละเอียดบรรณานุกรม
  กลับหน้าหลัก

Brief Record : Get Marc (ISO 2709) : E-mail record : QR code < ปิดหน้าต่าง
LEADER : 00000nam 2200000uu 4500
001    13399120405
003     ULIB
008    120919s2549||||th 000 0 tha d
020    ^a9749944356
060 04 ^aWA525^bอ863ก 2549
100 0  ^aอุษณีย์ เพชรรัชตะชาติ
245 10 ^aการสร้างเสริมสุขภาพครอบครัวไทย /^cอุษณีย์ เพชรรัชตะชาติ
250    ^aพิมพ์ครั้งที่ 1
260    ^aสงขลา :^bคณะพยาบาลศาสตร์ มหาวิทยาลัยสงขลานครินทร์,^c2549
300    ^aก-ฉ, 125 หน้า :^bภาพประกอบ ;^c28 ซม.
536    ^aได้รับทุนสนับสนุนจากมหาวิทยาลัยสงขลานครินทร์ อันดับที่ 16/2548
650  7 ^aการส่งเสริมสุขภาพ
650  7 ^aครอบครัว
710 2  ^aมหาวิทยาลัยสงขลานคินทร์. :bคณะพยาบาลศาสตร์
945    ^p150^l0^i24590
945    ^p150^l0^i24591
995    ^a กัณชพร
999 ^a ใช้งานได้ทุกระบบ
รายการนี้ยังไม่มีแท็ก
คุณยังไม่ได้ล็อกอิน คุณสามารถมีกิจกรรมร่วมกับเว็บไซต์ได้ แต่ต้องล็อกอินก่อน ::
  ล็อกอิน

รายการสื่อสารสนเทศ

ลำดับที่ ประเภท เลขเรียก/บาร์โค้ด สถานที่ สถานะ
1. วิทยาศาสตร์การแพทย์ และสุขภาพ
วิทยาศาสตร์การแพทย์ และสุขภาพ
WA525 อ863ก 2549  
  Barcode: 24591
ห้องสมุดวิทยาเขตสวรรค์ประชารักษ์
►หนังสือทั่วไป
บนชั้น
2. วิทยาศาสตร์การแพทย์ และสุขภาพ
วิทยาศาสตร์การแพทย์ และสุขภาพ
WA525 อ863ก 2549  
  Barcode: 24590
ห้องสมุดวิทยาเขตนครสวรรค์
►หนังสือทั่วไป:l:General Books
บนชั้น

รายการใกล้เคียง
    หัวเรื่อง [การส่งเสริมสุขภาพ]
    หัวเรื่อง [ครอบครัว]

BibComment


ยังไม่เคยถูกคอมเมนท์

คอมเมนท์ทรัพยากรรายการนี้
  คอมเมนท์: การสร้างเสริมสุข..


 Copyright 2026. Bcnsprnw @Library